000 00338 a2200133 4500
000 nam a22 7a 4500
100 _aD H Goswami
110 _aD H Goswami
245 _aआधुनिक युग में योग शिक्षा
250 _alatest edition
260 _bMark
_c2022
264 _bMark
_c2022
942 _cBK
999 _c396251
_d396251